El poder de la creación / (Registro nro. 13745)

Detalles MARC
000 -LEADER
fixed length control field 00873nam a2200277 a 4500
001 - CONTROL NUMBER
control field
003 - CONTROL NUMBER IDENTIFIER
control field OSt
005 - DATE AND TIME OF LATEST TRANSACTION
control field 20211001110315.0
006 - FIXED-LENGTH DATA ELEMENTS--ADDITIONAL MATERIAL CHARACTERISTICS
fixed length control field
008 - FIXED-LENGTH DATA ELEMENTS--GENERAL INFORMATION
fixed length control field 111110s2011 dr ac 001 p spa d
020 ## - INTERNATIONAL STANDARD BOOK NUMBER
International Standard Book Number 9789945475128
040 ## - CATALOGING SOURCE
Original cataloging agency DO-SdBNP
Language of cataloging spa
Transcribing agency BPMSU
049 ## - LOCAL HOLDINGS (OCLC)
Holding library
082 ## - DEWEY DECIMAL CLASSIFICATION NUMBER
Classification number RD860.44
Item number E18p 2011
Edition number 22
100 1# - MAIN ENTRY--PERSONAL NAME
Personal name Echavarría, Rubén,
Dates associated with a name 1936-2010
245 13 - TITLE STATEMENT
Title El poder de la creación /
Statement of responsibility, etc. Rubén Echavarría
260 ## - PUBLICATION, DISTRIBUTION, ETC. (IMPRINT)
Place of publication, distribution, etc. Santo Domingo :
Name of publisher, distributor, etc. Ediciones Ferilibro,
Date of publication, distribution, etc. 2011.
300 ## - PHYSICAL DESCRIPTION
Extent 145 p. :
Other physical details il., retr. ;
Dimensions 25 cm.
500 ## - GENERAL NOTE
General note Incluye datos biograficos del autor
650 #4 - SUBJECT ADDED ENTRY--TOPICAL TERM
Topical term or geographic name as entry element Prosa dominicana
650 #4 - SUBJECT ADDED ENTRY--TOPICAL TERM
Topical term or geographic name as entry element Pintura dominicana
General subdivision Expocisiones
Form subdivision Cátalogos
650 #4 - SUBJECT ADDED ENTRY--TOPICAL TERM
Topical term or geographic name as entry element Literatura dominicana.
General subdivision Exposiciones
Form subdivision Cátalogos
710 2# - ADDED ENTRY--CORPORATE NAME
Corporate name or jurisdiction name as entry element Dirección General de la Feria del Libro (República Dominicana)
910 ## - USER-OPTION DATA (OCLC)
User-option data VMateo V.
942 ## - ADDED ENTRY ELEMENTS (KOHA)
Source of classification or shelving scheme Dewey Decimal Classification
Koha item type Libros
Existencias
Withdrawn status Lost status Source of classification or shelving scheme Damaged status Not for loan Collection code Home library Current library Date acquired Source of acquisition Total Checkouts Full call number Barcode Date last seen Price effective from Koha item type Copy number
    Dewey Decimal Classification     Colección Dominicana Biblioteca Pública Metropolitana Salomé Ureña Biblioteca Pública Metropolitana Salomé Ureña 10/01/2021 Aimec Flores Jiminian   BPMSU CD RD860.44 E18p 2011 BPMSU21100006 10/01/2021 10/01/2021 Libros  
    Dewey Decimal Classification     Colección Dominicana Biblioteca Pública Metropolitana Salomé Ureña Biblioteca Pública Metropolitana Salomé Ureña 10/01/2021 Aimec Flores Jiminian   BPMSU CD RD860.44 E18p 2011 BPMSU21100007 10/01/2021 10/01/2021 Libros e.2
    Dewey Decimal Classification     Colección Dominicana Biblioteca Pública Metropolitana Salomé Ureña Biblioteca Pública Metropolitana Salomé Ureña 10/01/2021 Aimec Flores Jiminian   BPMSU CD RD860.44 E18p 2011 BPMSU21100008 10/01/2021 10/01/2021 Libros e.3